Data disk to accompany Learning SAS a computer handbook for econometrics /

Wedi'i Gadw mewn:
Manylion Llyfryddiaeth
Prif Awdur: Hill, R. Carter.
Fformat: Llyfr
Iaith:English
Cyhoeddwyd: New York : John Wiley and Sons, 1993.
Pynciau:
Tagiau: Ychwanegu Tag
Dim Tagiau, Byddwch y cyntaf i dagio'r cofnod hwn!
Thư viện lưu trữ: Mạng thư viện Đại học Đà Nẵng
LEADER 00967cmm a2200349 i 4500
001 000049905
003 10078
005 20030225154304.0
008 010426|1993 vm 000 eng
020 |a 047158553X 
040 |a IRC  |c IRC  |d IRC 
041 0 |a eng 
082 1 4 |a 330.015195  |b HI-R 
100 1 |a Hill, R. Carter. 
245 0 0 |a Data disk to accompany Learning SAS  |h [Float Disk-Đĩa mềm] :  |b a computer handbook for econometrics /  |c R. Carter Hill. 
260 |a New York :  |b John Wiley and Sons,  |c 1993. 
300 |a 1 computer disk ;  |c 3 1/2 in. 
630 0 4 |a Computer programs. 
630 0 4 |a Econometrics. 
630 0 4 |a SAS. 
650 0 4 |a Econometrics  |x Computer programs. 
650 0 4 |a SAS (Computer file) 
OWN |a DUT 
999 |a From the UDN01 
TYP |a Computer file 
TYP |a Monograph 
980 |a Mạng thư viện Đại học Đà Nẵng